[Event "25th Czech Open A 2014"]
[Site "Pardubice CZE"]
[Date "2014.07.20"]
[Round "3.91"]
[White "Podvin, Francois-xavier"]
[Black "Bystrov, Sergej M."]
[Result "1-0"]
[BlackTitle "IM"]
[WhiteElo "2167"]
[BlackElo "2280"]
[WhiteFideId "677540"]
[BlackFideId "4118561"]
[EventDate "2014.07.18"]

1. e4 c5 2. Nf3 Nf6 3. e5 Nd5 4. Nc3 Nxc3 5. dxc3 Nc6 6. Bf4 e6 7. Qd2 h6 8. h4
Qc7 9. O-O-O b6 10. Qe3 Bb7 11. Bd3 O-O-O 12. h5 d5 13. exd6 Bxd6 14. Bxd6 Rxd6
15. Be4 Rhd8 16. Rxd6 Qxd6 17. Re1 Qc7 18. g3 Rd6 19. b3 f6 20. Nd2 e5 21. Nc4
Rd8 22. Qf3 Kb8 23. Rd1 Rd7 24. Ne3 Ne7 25. Rxd7 Qxd7 26. Bxb7 Qxb7 27. Qg4 Nd5
28. Nxd5 Qxd5 29. Qxg7 Qh1+ 30. Kb2 Qxh5 31. Qf8+ Kb7 32. Qe7+ Ka6 33. Qxf6 Qe2
34. a4 h5 35. Qf7 e4 36. b4 cxb4 37. cxb4 Qe1 38. Qc4+ Kb7 39. Qd5+ Kb8 40. Qd4
Kb7 41. Qd7+ Kb8 42. Qd4 Kb7 43. c3 Qe2+ 44. Kb3 Kb8 45. a5 bxa5 46. bxa5 Kb7
47. c4 Qf3+ 48. Kb4 Qf8+ 49. Qc5 Qg7 50. a6+ Kb8 51. Qd6+ Kc8 52. Qc5+ Kb8 53.
Kb3 Qa1 54. Qd6+ Kc8 55. Qc6+ Kd8 56. Qa8+ Kd7 57. Qxa7+ Kd6 58. Qb6+ Kd7 59.
Qb7+ Kd6 60. Qd5+ Kc7 61. Qxe4 Qxa6 62. Qe5+ Kd8 63. Qd5+ Kc7 64. Qc5+ Kd8 65.
f4 Qb7+ 66. Ka4 Qf3 67. Qd5+ 1-0

[Event "25th Czech Open A 2014"]
[Site "Pardubice CZE"]
[Date "2014.07.20"]
[Round "3.92"]
[White "Lobanov, Sergei"]
[Black "Muter, Donny"]
[Result "1/2-1/2"]
[WhiteElo "2277"]
[BlackElo "2181"]
[WhiteFideId "24183750"]
[BlackFideId "409170"]
[EventDate "2014.07.18"]

1. e4 c5 2. Nf3 d6 3. d4 cxd4 4. Nxd4 Nf6 5. Nc3 a6 6. Be2 e5 7. Nb3 Be7 8. Be3
Be6 9. Nd5 Nbd7 10. Qd3 O-O 11. O-O Bxd5 12. exd5 Nc5 13. Nxc5 dxc5 14. c4 Bd6
15. Rfd1 Qe7 16. Bg5 Rae8 17. Qf5 h6 18. Bh4 e4 19. Kh1 Qe5 20. Qxe5 Bxe5 21.
Rab1 Nd7 22. f3 e3 23. b4 cxb4 24. Rxb4 Nc5 25. Be1 Rb8 26. Rb6 Bc7 27. Rbb1 Bd6
28. Bc3 Rfe8 29. Bd4 b6 30. g3 Nd7 31. Kg2 Bc5 32. Rb3 Bxd4 33. Rxd4 Nc5 34. Rc3
Rb7 35. Kf1 Kf8 36. Bd1 Rbe7 37. Ke2 g5 38. Bc2 Kg7 39. Rd1 Kf6 40. Rb1 Ke5 41.
Kxe3 b5 42. Bd3 Nxd3 43. Kxd3 bxc4+ 44. Rxc4 Kxd5 45. Rd4+ Kc6 46. Rc1+ Kb7 47.
Rb4+ Ka7 48. Rc6 Re3+ 49. Kd4 Rxf3 50. Rxh6 Rfe3 51. Rc4 R3e4+ 52. Kd5 R8e5+ 53.
Kd6 Re6+ 54. Rxe6 Rxe6+ 55. Kd5 Re2 56. h4 gxh4 57. gxh4 Rxa2 58. Ke5 Kb6 59.
Kf6 Rf2+ 60. Kg5 Rg2+ 61. Kf6 Rf2+ 62. Kg5 Rg2+ 63. Kf6 1/2-1/2

[Event "25th Czech Open A 2014"]
[Site "Pardubice CZE"]
[Date "2014.07.21"]
[Round "4.1"]
[White "Kislinsky, Alexey"]
[Black "Biolek, Richard Jr."]
[Result "0-1"]
[WhiteTitle "GM"]
[BlackTitle "IM"]
[WhiteElo "2491"]
[BlackElo "2429"]
[WhiteFideId "14108801"]
[BlackFideId "319996"]
[EventDate "2014.07.18"]

1. e4 e5 2. Nf3 Nc6 3. d4 exd4 4. Nxd4 Bc5 5. Nb3 Bb6 6. Nc3 Nf6 7. Be2 d6 8.
O-O Be6 9. a4 a6 10. Bf4 h6 11. Nd5 Ba7 12. Bf3 Ne5 13. Na5 Rb8 14. Be3 Bxe3 15.
Nxe3 O-O 16. Ra3 Re8 17. Kh1 b6 18. Nb3 Bxb3 19. Rxb3 Ned7 20. Nf5 Nc5 21. Re3
Re5 22. Ng3 Qe8 23. Qd4 Qxa4 24. c4 Qc6 25. b4 Ne6 26. Qc3 a5 27. Nf5 Kf8 28. b5
Qc5 29. h4 Re8 30. Rd1 Qb4 31. Qc2 a4 32. Rb1 Qc5 33. Qxa4 Nd4 34. Ng3 Nxf3 35.
gxf3 Nh5 36. Rg1 Nxg3+ 37. Rxg3 Qd4 38. Qc2 Rh5 39. Ra3 Qf6 40. Kg2 Qxh4 41. Kf1
Rg5 42. Rxg5 Qxg5 43. Ra7 Qc5 44. Qd3 g5 45. Kg2 Kg7 46. Qd5 Re5 47. Qd3 Re7 48.
Ra8 Qe5 49. Rc8 h5 50. Qa3 g4 51. Qe3 gxf3+ 52. Kxf3 Re6 53. Kg2 Rg6+ 54. Kf1
Qa1+ 55. Ke2 Rg1 56. Kf3 Qd1+ 57. Qe2 Qb3+ 58. Qe3 Qd1+ 59. Qe2 Qb3+ 60. Qe3
Qxc4 61. Qa3 Rc1 62. Qa8 Qd3+ 63. Kf4 Qd2+ 64. Kf3 Qd1+ 65. Kf4 Qg4+ 66. Ke3
Re1+ 67. Kd4 Qd1+ 68. Kc3 Qc1+ 69. Kd3 Qb1+ 70. Kc3 Rc1+ 71. Kd4 Qb2+ 72. Kd3 0-1

[Event "25th Czech Open A 2014"]
[Site "Pardubice CZE"]
[Date "2014.07.21"]
[Round "4.2"]
[White "Arun Prasad, S."]
[Black "D'Costa, Lorin A R"]
[Result "1-0"]
[WhiteTitle "GM"]
[BlackTitle "IM"]
[WhiteElo "2472"]
[BlackElo "2421"]
[WhiteFideId "5011167"]
[BlackFideId "409219"]
[EventDate "2014.07.18"]

1. d4 Nf6 2. c4 e6 3. Nf3 b6 4. g3 c6 5. Bg2 Be7 6. O-O O-O 7. Nc3 d5 8. Ne5
Nfd7 9. cxd5 cxd5 10. Nxd5 exd5 11. Bxd5 Nxe5 12. dxe5 Bh3 13. Bxa8 Bxf1 14.
Qxf1 Nd7 15. Bd5 Nxe5 16. e4 Bc5 17. Qe2 Qf6 18. Be3 Bxe3 19. Qxe3 Nf3+ 20. Kg2
Qxb2 21. Rc1 Ne5 22. Qc3 Qxc3 23. Rxc3 Nd7 24. Rc7 Nf6 25. Bc6 a5 26. Kf3 h5 27.
h3 Rd8 28. Rb7 Rd3+ 29. Kf4 Rd2 30. f3 h4 31. g4 Rxa2 32. Rb8+ Kh7 33. e5 Rc2
34. Rxb6 Rc4+ 35. Ke3 Ng8 36. Be4+ Kh8 37. Rb7 Rc1 38. Rxf7 Re1+ 39. Kf4 a4 40.
Ra7 Rh1 41. Ra8 1-0

[Event "25th Czech Open A 2014"]
[Site "Pardubice CZE"]
[Date "2014.07.21"]
[Round "4.3"]
[White "Nisipeanu, Liviu-Dieter"]
[Black "Gordievsky, Dmitry"]
[Result "1-0"]
[WhiteTitle "GM"]
[BlackTitle "FM"]
[WhiteElo "2686"]
[BlackElo "2439"]
[WhiteFideId "1202758"]
[BlackFideId "24112798"]
[EventDate "2014.07.18"]

1. d4 Nf6 2. Nf3 e6 3. c4 d5 4. Nc3 Bb4 5. Qa4+ Nc6 6. Bg5 h6 7. Bxf6 Qxf6 8. e3
O-O 9. Be2 Bd7 10. Qb3 dxc4 11. Qxc4 Bd6 12. O-O Qg6 13. Rfd1 Na5 14. Qd3 Qxd3
15. Bxd3 Nc6 16. Be2 Rfd8 17. a3 e5 18. Nb5 exd4 19. Nxd6 cxd6 20. Nxd4 Nxd4 21.
Rxd4 Be6 22. Bf3 Rd7 23. Rc1 Rad8 24. h4 Kf8 25. Kh2 Ke7 26. Be2 a6 27. a4 Rb8
28. Rb4 Ra8 29. a5 Kd8 30. f4 Rc8 31. Rxc8+ Kxc8 32. Bf3 d5 33. g4 f6 34. Kg3
Kc7 35. f5 Bf7 36. Kf4 Rd6 37. Rd4 Rd7 38. g5 hxg5+ 39. hxg5 fxg5+ 40. Kxg5 Kd6
41. Kf4 Re7 42. b4 Re5 43. e4 Re7 44. Rd1 Bg8 45. exd5 Bf7 46. Rc1 Rd7 47. Rg1
Be8 48. Ke4 Re7+ 49. Kd4 Rc7 50. Be4 Re7 51. Rh1 Bd7 52. Rh5 Be8 53. Rh8 Bd7 54.
Rf8 Bb5 55. f6 gxf6 56. Rxf6+ Kd7 57. Bf5+ Kd8 58. Rf8+ Re8 59. Rxe8+ Bxe8 60.
Kc5 Bb5 1-0

[Event "25th Czech Open A 2014"]
[Site "Pardubice CZE"]
[Date "2014.07.21"]
[Round "4.4"]
[White "Chandra, Akshat"]
[Black "Vorobiov, Evgeny E."]
[Result "1/2-1/2"]
[WhiteTitle "IM"]
[BlackTitle "GM"]
[WhiteElo "2442"]
[BlackElo "2591"]
[WhiteFideId "25006711"]
[BlackFideId "4121341"]
[EventDate "2014.07.18"]

1. e4 c5 2. Nf3 Nc6 3. d4 cxd4 4. Nxd4 g6 5. Nc3 Bg7 6. Be3 Nf6 7. Bc4 O-O 8.
Bb3 d6 9. h3 Na5 10. O-O b6 11. Re1 Bb7 12. Bg5 Nxb3 13. axb3 h6 14. Bh4 Re8 15.
Qd2 a6 16. Rad1 Kh7 17. Qe3 Qc7 18. Qf3 Qc5 19. Na4 Qc7 20. c4 Rac8 21. Nc3 Qc5
22. Na4 Qc7 23. Nc3 Qc5 24. Na4 Qa5 25. Nc3 Kg8 26. Re2 Qh5 27. Qxh5 Nxh5 28. f3
Nf4 29. Re3 b5 30. cxb5 Bxd4 31. Rxd4 axb5 32. Nd5 Nxd5 33. exd5 f6 34. Rb4 Bxd5
35. Rxb5 Bc6 36. Rb6 Kf7 37. b4 Bd5 38. Rb5 Be6 39. Rb7 Rb8 40. Rxb8 Rxb8 41.
Be1 g5 42. Ra3 h5 43. Ra5 Rc8 44. Bc3 h4 45. b5 Rc5 46. Bb4 Rc1+ 47. Kh2 Rc4 48.
Bc3 Rc5 49. Bb4 Rc7 50. Bd2 Rb7 51. Be3 Bd7 52. b6 e5 53. Ra8 Ke6 54. Kg1 Bc6
55. Rc8 Bd5 56. Kf2 Rd7 57. Ke2 Bb7 58. Re8+ Re7 59. Rd8 Rd7 60. Re8+ Kf5 61.
Bd2 d5 62. Bb4 d4 63. Re7 Rxe7 64. Bxe7 Ke6 65. Bd8 e4 66. fxe4 Bxe4 67. Kf2 d3
68. Ke3 Bxg2 69. Kxd3 Kf5 70. Ke3 Kg6 71. Be7 f5 72. Bd8 Bb7 73. Be7 Kh5 74. Kf2
Bd5 75. Bd8 Bc6 76. Be7 Bb7 77. Bd8 g4 78. Bc7 g3+ 79. Bxg3 hxg3+ 80. Kxg3 Kg5
81. h4+ Kh5 82. Kf4 Be4 83. b7 Bxb7 84. Kxf5 1/2-1/2

[Event "25th Czech Open A 2014"]
[Site "Pardubice CZE"]
[Date "2014.07.21"]
[Round "4.5"]
[White "Mammadov, Zaur"]
[Black "Vajda, Levente"]
[Result "1/2-1/2"]
[WhiteTitle "IM"]
[BlackTitle "GM"]
[WhiteElo "2441"]
[BlackElo "2569"]
[WhiteFideId "13401033"]
[BlackFideId "1203975"]
[EventDate "2014.07.18"]

1. e4 d6 2. d4 Nf6 3. Bd3 e5 4. dxe5 dxe5 5. Nf3 Bc5 6. O-O Qe7 7. Nbd2 Bg4 8.
h3 Bh5 9. Qe1 Nfd7 10. c3 a5 11. g3 g5 12. Nh2 Nb6 13. Nc4 Nxc4 14. Bxc4 Nd7 15.
Be3 Nb6 16. Be2 Bg6 17. Qc1 f6 18. Ng4 O-O 19. Qc2 Kh8 20. Rfd1 c6 21. Rd2 f5
22. Bxc5 Qxc5 23. exf5 Bxf5 24. Bd3 Nc4 25. Re2 Bxd3 26. Qxd3 Rad8 27. Qc2 Rf3
28. Kg2 Rfd3 29. Nf6 Qe7 30. Ne4 h6 31. Rae1 Qf8 32. b3 Na3 33. Qc1 Nb5 34. Re3
Nc7 35. Rxd3 Rxd3 36. Re3 Rd7 37. c4 Ne6 38. Qc3 Nd4 39. Qxa5 Re7 40. Nd2 Qf6
41. Nf3 Kg7 42. Nxe5 b6 43. Qc3 Nf5 44. Re4 c5 45. Qe1 Nd4 46. Qe3 Nf5 47. Qe1
Nd4 48. h4 Nc2 49. Qc3 Nd4 50. hxg5 hxg5 51. Qe1 Nc2 52. Qd2 Nd4 53. Qe3 Nf5 54.
Qe1 Nd4 55. Qe3 Nf5 56. Qe1 1/2-1/2

[Event "25th Czech Open A 2014"]
[Site "Pardubice CZE"]
[Date "2014.07.21"]
[Round "4.6"]
[White "Saric, Ante"]
[Black "Simantsev, Mikhail"]
[Result "1/2-1/2"]
[WhiteTitle "GM"]
[BlackTitle "GM"]
[WhiteElo "2536"]
[BlackElo "2434"]
[WhiteFideId "14506254"]
[BlackFideId "14104555"]
[EventDate "2014.07.18"]

1. Nf3 Nf6 2. c4 e6 3. g3 b6 4. Bg2 Bb7 5. O-O Be7 6. Nc3 O-O 7. b3 c5 8. Bb2 d5
9. e3 dxc4 10. bxc4 Nc6 11. Qe2 Qd7 12. d3 Rad8 13. Ne1 Ne5 14. Rd1 Bxg2 15.
Nxg2 Nc6 16. f4 Ne8 17. g4 a6 18. f5 b5 19. cxb5 axb5 20. Nxb5 e5 21. Nc3 f6 22.
Ne4 Qa7 23. Rd2 Nc7 24. Rc1 Rd7 25. Rc3 Na6 26. Qf3 Ncb4 27. a3 Nd5 28. Rcc2
Rfd8 29. g5 Qb6 30. gxf6 Nxf6 31. Ne1 Nc7 32. Bxe5 Nxe4 33. Qxe4 Nd5 34. Rg2 Bf8
35. Rb2 Qa5 36. Nf3 Qxa3 37. h4 Kh8 38. f6 Nxf6 39. Bxf6 gxf6 40. Qe6 Rg7 41.
Qxf6 Qxd3 42. Rf2 Qd1+ 43. Rf1 Qd6 44. Ng5 Qxf6 45. Rxf6 Be7 46. Nf7+ Kg8 47.
Nh6+ Kh8 48. Nf7+ Kg8 49. Nh6+ 1/2-1/2

[Event "25th Czech Open A 2014"]
[Site "Pardubice CZE"]
[Date "2014.07.21"]
[Round "4.7"]
[White "Nagy, Gabor1"]
[Black "Bluebaum, Matthias"]
[Result "1-0"]
[WhiteTitle "IM"]
[BlackTitle "IM"]
[WhiteElo "2434"]
[BlackElo "2510"]
[WhiteFideId "737119"]
[BlackFideId "24651516"]
[EventDate "2014.07.18"]

1. d4 d5 2. c4 c6 3. Nf3 Nf6 4. Nc3 dxc4 5. a4 Bf5 6. Ne5 Nbd7 7. Nxc4 Qc7 8. g3
e5 9. dxe5 Nxe5 10. Bf4 Nfd7 11. Bg2 f6 12. O-O g5 13. Bxe5 Nxe5 14. Qd4 Be6 15.
Ne3 Be7 16. b4 Qb6 17. Qxb6 axb6 18. b5 f5 19. bxc6 bxc6 20. Nb5 O-O-O 21. Rfc1
Bc5 22. Nc3 f4 23. Ned1 Nc4 24. Ne4 Be7 25. Rab1 Kc7 26. Nb2 Na5 27. Nd3 Rhf8
28. Nb4 Bd5 29. Nxg5 Bxg5 30. Nxd5+ Rxd5 31. Bxd5 fxg3 32. hxg3 Bxc1 33. Rxc1
Rd8 34. Be4 Rd4 35. Bxh7 Rxa4 36. e4 Nb3 37. Rd1 Nd4 38. g4 c5 39. Kg2 b5 40. f4
b4 41. g5 Ne6 42. Kg3 b3 43. g6 c4 44. Rb1 Rb4 45. f5 Ng7 46. Bg8 b2 47. Bxc4
Rxc4 48. Kf3 Kd6 49. Rxb2 Ke5 50. Rb5+ Kf6 51. Kf4 Nh5+ 52. Kg4 Ng7 53. Rb6+ Ke5
54. Kg5 Rxe4 55. Rb7 Nxf5 56. Rb5+ Ke6 57. Rxf5 Re1 58. Rf2 Rg1+ 59. Kh6 Rh1+
60. Kg7 Rg1 61. Re2+ Kd7 62. Kf7 Rf1+ 63. Kg8 Rg1 64. g7 Rh1 65. Re4 Rh2 66. Kf7 1-0

[Event "25th Czech Open A 2014"]
[Site "Pardubice CZE"]
[Date "2014.07.21"]
[Round "4.8"]
[White "Chernyshov, Konstantin"]
[Black "Rojicek, Vojtech"]
[Result "1/2-1/2"]
[WhiteTitle "GM"]
[BlackTitle "IM"]
[WhiteElo "2508"]
[BlackElo "2433"]
[WhiteFideId "4117328"]
[BlackFideId "319902"]
[EventDate "2014.07.18"]

1. e4 c6 2. Nc3 d5 3. Nf3 Bg4 4. h3 Bxf3 5. Qxf3 Nf6 6. g3 e6 7. Bg2 dxe4 8.
Nxe4 Nxe4 9. Qxe4 Qd5 10. Qxd5 exd5 11. O-O Na6 12. a3 Bd6 13. b4 Nc7 14. d3 a5
15. bxa5 Rxa5 16. c4 O-O 17. Rb1 Rb8 18. Rb3 b5 19. cxd5 Nxd5 20. Bb2 h6 21. Rc1
Ra6 22. Be4 Ne7 23. f4 Rba8 24. Rcc3 g5 25. Bc1 gxf4 26. gxf4 Ra4 27. Bxc6 Nxc6
28. Rxc6 Bxf4 29. Bxf4 Rxf4 30. Rxh6 Rd8 31. Rh5 Rf3 32. Rbxb5 Rdxd3 1/2-1/2

[Event "25th Czech Open A 2014"]
[Site "Pardubice CZE"]
[Date "2014.07.21"]
[Round "4.9"]
[White "Haba, Petr"]
[Black "Roeder, Matthias"]
[Result "1-0"]
[WhiteTitle "GM"]
[BlackTitle "IM"]
[WhiteElo "2502"]
[BlackElo "2423"]
[WhiteFideId "300160"]
[BlackFideId "4600223"]
[EventDate "2014.07.18"]

1. e4 c5 2. Nf3 d6 3. d4 cxd4 4. Nxd4 Nf6 5. Nc3 a6 6. Be2 e5 7. Nb3 Be7 8. O-O
O-O 9. Re1 Be6 10. Bf3 Nbd7 11. a4 Qc7 12. Be3 Rfc8 13. a5 h6 14. h3 Qc6 15. Qd3
Nf8 16. Rec1 Bc4 17. Qd1 Bd8 18. Nd5 Nxd5 19. exd5 Qb5 20. Bg4 Bxd5 21. Bxc8
Rxc8 22. Bxh6 Ng6 23. Be3 Nh4 24. c4 Bxc4 25. Nd2 Be6 26. Rxc8 Bxc8 27. Ne4 Qc6
28. Qa4 Bd7 29. Qxc6 Bxc6 30. Nxd6 Nxg2 31. Bb6 Bf6 32. b4 Nf4 33. Ra3 e4 34.
Bc5 Nd3 35. Rb3 Bb2 36. Nc4 Bd5 37. Rxd3 1-0

[Event "25th Czech Open A 2014"]
[Site "Pardubice CZE"]
[Date "2014.07.21"]
[Round "4.10"]
[White "Berchtenbreiter, Maximilian"]
[Black "Venkatesh, M.R."]
[Result "0-1"]
[WhiteTitle "IM"]
[BlackTitle "GM"]
[WhiteElo "2419"]
[BlackElo "2498"]
[WhiteFideId "24641120"]
[BlackFideId "5005779"]
[EventDate "2014.07.18"]

1. e4 e5 2. Nf3 Nc6 3. Bc4 Nf6 4. d3 Bc5 5. c3 a6 6. Bb3 Ba7 7. h3 h6 8. Qe2 d6
9. Nbd2 Be6 10. Nf1 Bxb3 11. axb3 d5 12. Ng3 Qd7 13. exd5 Qxd5 14. d4 O-O-O 15.
c4 Qd6 16. dxe5 Nxe5 17. Nxe5 Rhe8 18. f4 Nd7 19. c5 Qxc5 20. Ne4 Qd5 21. Ra4
Nxe5 22. fxe5 Rxe5 23. Be3 Qxb3 24. Kf2 Bxe3+ 0-1

[Event "25th Czech Open A 2014"]
[Site "Pardubice CZE"]
[Date "2014.07.21"]
[Round "4.11"]
[White "Nakar, Eylon"]
[Black "Neuman, Petr"]
[Result "1-0"]
[WhiteTitle "IM"]
[BlackTitle "GM"]
[WhiteElo "2419"]
[BlackElo "2488"]
[WhiteFideId "2811111"]
[BlackFideId "305243"]
[EventDate "2014.07.18"]

1. c4 c6 2. Nf3 d5 3. g3 g6 4. Bg2 Bg7 5. d4 Nf6 6. cxd5 cxd5 7. Nc3 O-O 8. Ne5
e6 9. O-O Nfd7 10. f4 f6 11. Nd3 Nc6 12. Be3 Kh8 13. Rc1 Qe7 14. Bf2 Nb6 15. e4
dxe4 16. Nxe4 Rd8 17. a4 Bd7 18. Nec5 Be8 19. Re1 e5 20. fxe5 fxe5 21. a5 Nd5
22. Qb3 Nxa5 23. Qa2 Bf7 24. Nxe5 Bxe5 25. Rxe5 Qd6 26. Qxa5 b6 27. Qa6 bxc5 28.
Qxd6 Rxd6 29. dxc5 Rdd8 30. Rd1 Nb4 31. Bd4 1-0

[Event "25th Czech Open A 2014"]
[Site "Pardubice CZE"]
[Date "2014.07.21"]
[Round "4.12"]
[White "Kanmazalp, Ogulcan"]
[Black "Gutman, Gennadi"]
[Result "1-0"]
[WhiteTitle "IM"]
[BlackTitle "GM"]
[WhiteElo "2412"]
[BlackElo "2479"]
[WhiteFideId "6304990"]
[BlackFideId "14102277"]
[EventDate "2014.07.18"]

1. e4 e6 2. d4 d5 3. Nd2 a6 4. Ngf3 c5 5. c3 cxd4 6. cxd4 dxe4 7. Nxe4 Bb4+ 8.
Bd2 Bxd2+ 9. Qxd2 Nf6 10. Nxf6+ Qxf6 11. Bd3 Nc6 12. O-O O-O 13. Rfe1 Rd8 14.
Re4 b5 15. Rf4 Qh6 16. Qe3 g6 17. Be4 Bb7 18. Bxc6 Bxc6 19. Ne5 Be8 20. Ng4 Qg7
21. Nf6+ Kh8 22. Qe5 Rac8 23. Rh4 Bc6 24. Rxh7+ Qxh7 25. Nxh7+ Kxh7 26. Rc1 Bd5
27. Rc7 Kg8 28. b3 b4 29. h4 Rxc7 30. Qxc7 Ra8 31. Qa5 Rc8 32. Qxa6 Rc1+ 33. Kh2
Rc2 34. Kg3 Rd2 35. Qa7 Kg7 36. f3 Kf6 37. Kh3 Kg7 38. Kg3 Kf6 39. Qa5 Rxd4 40.
Qb6 Rd2 41. Qxb4 Rxa2 42. Qc5 Kg7 43. b4 Ra3 44. b5 Rb3 45. b6 Kg8 46. Kf4 Kg7
47. Ke5 Rb2 48. Kd6 Rxg2 49. Qc3+ Kg8 50. Qc8+ Kh7 51. b7 Bxb7 52. Qxb7 Kg7 53.
Ke7 g5 54. h5 g4 55. fxg4 Rxg4 56. Qb2+ Kh7 57. Qf6 Kg8 58. Qxf7+ Kh8 59. Qf6+
Kh7 60. Kf7 1-0

[Event "25th Czech Open A 2014"]
[Site "Pardubice CZE"]
[Date "2014.07.21"]
[Round "4.13"]
[White "Pavlidis, Antonios"]
[Black "Gorbatov, Alexej"]
[Result "1-0"]
[WhiteTitle "IM"]
[BlackTitle "IM"]
[WhiteElo "2479"]
[BlackElo "2358"]
[WhiteFideId "4212312"]
[BlackFideId "4111834"]
[EventDate "2014.07.18"]

1. e4 c6 2. d4 d5 3. e5 Qb6 4. Be2 Bf5 5. Nf3 e6 6. O-O h6 7. Nbd2 Nd7 8. a4 a5
9. Nb3 Ne7 10. Bd2 Nc8 11. Ne1 Bb4 12. Be3 O-O 13. Nd3 Be7 14. Qd2 Re8 15. g4
Bxd3 16. Bxd3 c5 17. Bb5 cxd4 18. Bxd4 Qd8 19. Nxa5 b6 20. Nc6 Qc7 21. b4 Bf8
22. Qc3 Qb7 23. Rfb1 f6 24. a5 bxa5 25. bxa5 fxe5 26. Nxe5 Nxe5 27. Bxe8 Qe7 28.
Bc6 Nxc6 29. Qxc6 Qg5 30. Qxe6+ Kh8 31. Qf5 Qd8 32. a6 Nd6 33. Qxd5 Qc8 34. h3
Rxa6 35. Rxa6 Qxa6 36. Rb8 1-0

[Event "25th Czech Open A 2014"]
[Site "Pardubice CZE"]
[Date "2014.07.21"]
[Round "4.14"]
[White "Vyskocil, Neklan"]
[Black "Poetsch, Hagen"]
[Result "0-1"]
[WhiteTitle "IM"]
[BlackTitle "IM"]
[WhiteElo "2407"]
[BlackElo "2477"]
[WhiteFideId "307106"]
[BlackFideId "24615137"]
[EventDate "2014.07.18"]

1. d4 Nf6 2. Nf3 b6 3. g3 Bb7 4. Bg2 c5 5. dxc5 bxc5 6. c4 g6 7. Nc3 Bg7 8. Qc2
O-O 9. O-O d6 10. Rd1 Nbd7 11. b3 Qb6 12. Bb2 Rfd8 13. Rab1 e6 14. Ne1 Bxg2 15.
Nxg2 Qc6 16. Nf4 g5 17. Nd3 a6 18. Rbc1 Rac8 19. Qd2 h6 20. Qe3 d5 21. cxd5 exd5
22. Qf3 Qe6 23. Na4 g4 24. Qf4 c4 25. bxc4 dxc4 26. Ndc5 Nxc5 27. Rxd8+ Rxd8 28.
Nxc5 Qxe2 29. Bxf6 Bxf6 30. Qxf6 Rd1+ 31. Rxd1 Qxd1+ 32. Kg2 Qd5+ 33. Kf1 Qd1+
34. Kg2 Qd5+ 35. Kf1 Qxc5 36. Qxh6 c3 37. Ke2 c2 38. Qc1 Qc4+ 39. Ke1 Qc3+ 40.
Ke2 f6 41. a3 Kg7 42. Kf1 Qd3+ 43. Ke1 Kg6 44. Qa1 Kf5 45. Qc1 Ke6 46. Qa1 Kd5
47. Qc1 Kc4 0-1

[Event "25th Czech Open A 2014"]
[Site "Pardubice CZE"]
[Date "2014.07.21"]
[Round "4.15"]
[White "Musat, Adrian"]
[Black "Simacek, Pavel"]
[Result "0-1"]
[WhiteTitle "FM"]
[BlackTitle "IM"]
[WhiteElo "2401"]
[BlackElo "2470"]
[WhiteFideId "1203452"]
[BlackFideId "307165"]
[EventDate "2014.07.18"]

1. Nf3 d5 2. d4 c6 3. c4 dxc4 4. e3 Be6 5. Qc2 Nf6 6. Bxc4 Bxc4 7. Qxc4 e6 8.
O-O Be7 9. Nc3 b5 10. Qe2 Nbd7 11. b3 O-O 12. Bb2 a5 13. Rac1 a4 14. Ne5 Qb6 15.
Ne4 Nxe5 16. Nxf6+ Bxf6 17. dxe5 Be7 18. Rfd1 axb3 19. axb3 Rfd8 20. h3 Rxd1+
21. Qxd1 Rd8 22. Qc2 c5 23. Rd1 Rxd1+ 24. Qxd1 Qc6 25. Qd3 Bf8 26. Kh2 Qa6 27.
Bc3 h6 28. Kg3 Qc6 29. Kh2 Be7 30. e4 Bg5 31. g3 Be7 32. Kg2 h5 33. h4 g6 34.
Bd2 Bf8 35. Kf3 Qe8 36. Bg5 Bg7 37. Bf6 Bh6 38. Ke2 Kh7 39. Qd8 Qxd8 40. Bxd8
Bc1 41. Be7 c4 42. bxc4 bxc4 43. Kd1 Bb2 44. f4 Bd4 45. Kc2 Kg7 46. Kd2 f5 47.
exf6+ Kf7 48. Ke2 e5 49. Kf3 c3 50. Ba3 c2 51. Bc1 Kxf6 52. Ke2 Ke6 53. Kd3 Bf2
54. Kxc2 Bxg3 55. fxe5 Kxe5 56. Kd3 Bxh4 57. Bh6 Kf6 58. Ke2 Bg5 59. Bf8 Bf4 60.
Kf3 Kf7 61. Bc5 g5 62. Bf2 Be5 63. Bh4 g4+ 64. Kg2 Bf6 65. Bg3 Ke6 66. Bc7 Be5
67. Bd8 Bf4 0-1

[Event "25th Czech Open A 2014"]
[Site "Pardubice CZE"]
[Date "2014.07.21"]
[Round "4.16"]
[White "Saiyn, Zhanat"]
[Black "Akesson, Ralf"]
[Result "1-0"]
[WhiteTitle "FM"]
[BlackTitle "GM"]
[WhiteElo "2399"]
[BlackElo "2462"]
[WhiteFideId "13703820"]
[BlackFideId "1700120"]
[EventDate "2014.07.18"]

1. d4 Nf6 2. c4 e6 3. Nc3 Bb4 4. e3 c5 5. Ne2 cxd4 6. exd4 O-O 7. a3 Be7 8. Nf4
Re8 9. Be2 d6 10. O-O Nbd7 11. Be3 a6 12. Nd3 Qc7 13. Rc1 Bf8 14. b4 b6 15. b5
Bb7 16. bxa6 Rxa6 17. Nb4 Ra5 18. Nb5 Qc8 19. Bf3 Bxf3 20. Qxf3 Ra4 21. Rfd1 Qa8
22. d5 Qc8 23. dxe6 Rxe6 24. h3 Ne5 25. Qe2 Nfd7 26. Qc2 Ra5 27. Nd5 Qxc4 28.
Qxc4 Nxc4 29. Rxc4 Rxb5 30. Nc7 Ra5 31. Nxe6 fxe6 32. Rc7 Nf6 33. Bxb6 Rxa3 34.
Bd4 Nd5 35. Rb7 Ra4 36. g3 Rc4 37. Rd3 Ne7 38. Bb2 Nf5 39. Rf3 h5 40. Ra3 Rc8
41. Raa7 e5 42. Kg2 Re8 43. Kf3 Re6 44. Ra8 Ne7 45. Rbb8 Rf6+ 46. Kg2 Ng6 47. f4
h4 48. fxe5 dxe5 49. gxh4 Nxh4+ 50. Kg3 Nf5+ 51. Kf2 Ne7+ 52. Ke2 Nc6 53. Re8
Nd4+ 54. Kd3 Ne6 55. Ba3 g5 56. Ke4 Kg7 57. Rxe6 Rxe6 58. Bxf8+ Kg6 59. Bc5 Rc6
60. Be3 Rc4+ 61. Kf3 Rh4 62. Kg3 Rh5 63. Rf8 e4 64. Re8 Kf5 65. Bd4 Rh4 66. Re5+
Kg6 67. Be3 1-0

[Event "25th Czech Open A 2014"]
[Site "Pardubice CZE"]
[Date "2014.07.21"]
[Round "4.17"]
[White "Vavulin, Maksim"]
[Black "Vishnu Prasanna, V"]
[Result "1-0"]
[WhiteTitle "IM"]
[BlackTitle "GM"]
[WhiteElo "2393"]
[BlackElo "2459"]
[WhiteFideId "4169530"]
[BlackFideId "5030692"]
[EventDate "2014.07.18"]

1. e4 c5 2. Nf3 d6 3. d4 cxd4 4. Nxd4 Nf6 5. Nc3 a6 6. Be3 e5 7. Nb3 Be6 8. h3
Be7 9. Qf3 O-O 10. O-O-O a5 11. Nc5 a4 12. N5xa4 Nbd7 13. g4 Qa5 14. g5 Ne8 15.
a3 Rb8 16. Bb5 Bd8 17. Qe2 b6 18. h4 Qa8 19. b4 Be7 20. Nd5 Bd8 21. Kb2 f5 22.
f3 Qb7 23. c4 g6 24. h5 Bf7 25. exf5 gxf5 26. f4 Be6 27. Nac3 Ra8 28. Qg2 Ra7
29. Bc6 Qb8 30. Nb5 Ra6 31. Bb7 Ra4 32. Ndc3 1-0